LIBRARY & INFORMATION CENTRE, KCAET, TAVANUR

ONLINE PUBLIC ACCESS CATALOGUE (OPAC)

Elivanam (Record no. 436)

MARC details
000 -LEADER
fixed length control field 00397cam a2200169ua 4500
041 ## - LANGUAGE CODE
Language code of text/sound track or separate title mal
082 ## - DEWEY DECIMAL CLASSIFICATION NUMBER
Classification number 894.8127
Item number KIZ/EL
100 ## - MAIN ENTRY--AUTHOR NAME
Personal name KIzhakkemuri, D C .
245 ## - TITLE STATEMENT
Title Elivanam
260 ## - PUBLICATION, DISTRIBUTION, ETC. (IMPRINT)
Place of publication Kottayam :
Name of publisher Sahithyapravarthaka co-operative society ltd ,
Year of publication 1960.
300 ## - PHYSICAL DESCRIPTION
Number of Pages 102 ; .
942 ## - ADDED ENTRY ELEMENTS (KOHA)
Koha item type Books
Holdings
Withdrawn status Lost status Damaged status Home library Current library Date acquired Full call number Accession Number Koha item type Public note
Withdrawn     KAUAET Malayalam University 07/04/2012 894.8127 8398 Books Transferred to Malayalam University
free website counter